000 00537nam a2200157 i 4500
001 65643
003 ES-MaACL
005 20230906165430.0
007 t|
008 040120s1921 it ||||1| spa d
100 1 _aFrisoni, Gaetano.
_952686
245 1 3 _aEl español comercial
_b: cincuenta lecciones prácticas : tecnología ; fraseología y correspondencia mercantil, diálogos y lecturas /
_cCayetano Frisoni.
260 _aMilan :
_b[s.n.],
_c1921 (
_fTip. Sociale)
300 _aXII, 558 p. ;
_c15 cm.
852 _aES-MaACL
_jC-15225
999 _c65643
_d65643